[Event "BEL-chT 1314"]
[Site "Belgium"]
[Date "2014.02.23"]
[Round "10.8"]
[White "Winterberg, Lukas"]
[Black "Michiels, Rob"]
[Result "0-1"]
[WhiteElo "2255"]
[BlackElo "2277"]
[PlyCount "114"]
[EventDate "2013.09.22"]
[EventType "team-tourn"]
[EventRounds "11"]
[EventCountry "BEL"]
[SourceTitle "EXT 2015"]
[Source "ChessBase"]
[SourceDate "2014.11.20"]
[SourceVersion "1"]
[SourceVersionDate "2014.11.20"]
[SourceQuality "1"]
[WhiteTeam "Wirtzfeld"]
[BlackTeam "KBSK Brugge"]
[WhiteTeamCountry "BEL"]
[BlackTeamCountry "BEL"]

1. e4 e5 2. Nf3 Nc6 3. Bb5 a6 4. Ba4 Nf6 5. 0-0 b5 6. Bb3 Be7 7. Re1 0-0 8. d3 d6 9. h3 Be6 10. c3 Ne8 11. Bd5 Bxd5 12. exd5 Nb8 13. d4 f6 14. a4 Nd7 15. a5 Qc8 16. Na3 c6 17. dxc6 Qxc6 18. Nc2 Nc7 19. Nb4 Qb7 20. dxe5 fxe5 21. Bg5 Nf6 22. Nd4 Nfd5 23. Nxd5 Nxd5 24. Bxe7 Nf4 25. Qg4 Qxe7 26. Rad1 Rf6 27. Qf3 Raf8 28. Ne2 Ng6 29. Qd5+ Kh8 30. f3 Nh4 31. Kh2 Rg6 32. Rg1 Qa7 33. Rdf1 Qe3 34. Nc1 Qf4+ 35. Kh1 Nf5 36. Ne2 Qe3 37. Re1 Qf2 38. Qd2 Nh4 39. Ref1 Qa7 40. Kh2 Qd7 41. Qe3 Nf5 42. Qd2 Qd8 43. b4 Qh4 44. Qd3 Ng3 45. Nxg3 Qxg3+ 46. Kh1 Rf4 47. Qe2 Rh4 48. f4 Rgh6 49. Rf2 e4 50. Re1 e3 51. f5 Kg8 52. Qa2+ Kf8 53. f6 Rxh3+ 54. gxh3 Rxh3+ 55. Rh2 Qxe1+ 56. Kg2 Rxh2+ 57. Kxh2 Qd2+ 0-1

[Event "BEL-chT 1314"]
[Site "Belgium"]
[Date "2013.09.29"]
[Round "2.7"]
[White "Michiels, Rob"]
[Black "Wantiez, Fabrice"]
[Result "1-0"]
[WhiteElo "2277"]
[BlackElo "2279"]
[PlyCount "120"]
[EventDate "2013.09.22"]
[EventType "team-tourn"]
[EventRounds "11"]
[EventCountry "BEL"]
[SourceTitle "CBM 156 Extra"]
[Source "ChessBase"]
[SourceDate "2013.10.22"]
[SourceVersion "1"]
[SourceVersionDate "2013.10.22"]
[SourceQuality "1"]
[WhiteTeam "KBSK Brugge"]
[BlackTeam "Fontaine"]
[WhiteTeamCountry "BEL"]
[BlackTeamCountry "BEL"]

1. e4 e5 2. Nf3 Nc6 3. Bc4 g6 4. d3 h6 5. c3 d6 6. Be3 Bg7 7. d4 exd4 8. Nxd4 Nf6 9. f3 0-0 10. Qd2 d5 11. exd5 Nxd5 12. Nxc6 bxc6 13. Bxd5 Qxd5 14. Qxd5 cxd5 15. Kf2 Rb8 16. b3 a5 17. Bd4 a4 18. Bxg7 axb3 19. axb3 Kxg7 20. Nd2 Be6 21. Ra7 Rfc8 22. Rha1 c5 23. R1a6 Kg8 24. g4 c4 25. bxc4 Rb2 26. Ra2 Rxa2 27. Rxa2 dxc4 28. Ne4 f5 29. Ra6 fxe4 30. Rxe6 exf3 31. Rxg6+ Kh7 32. Re6 Ra8 33. h4 Ra2+ 34. Kxf3 Rh2 35. Kg3 Rc2 36. Re3 Kg6 37. Kf4 h5 38. gxh5+ Kxh5 39. Ke5 Kxh4 40. Kd4 Kg4 41. Kxc4 Kf4 42. Re1 Rd2 43. Kc5 Rd8 44. Re6 Kf5 45. Rd6 Rc8+ 46. Kd4 Ra8 47. c4 Ra1 48. Kd5 Rd1+ 49. Kc6 Rc1 50. c5 Ke5 51. Rd2 Rc3 52. Kb6 Ke6 53. c6 Ke7 54. Kb7 Rb3+ 55. Kc8 Rb1 56. c7 Rb3 57. Re2+ Kf7 58. Re5 Kf6 59. Ra5 Ke7 60. Ra7 Rh3 1-0

[Event "BEL-chT 1112"]
[Site "Belgium"]
[Date "2011.10.09"]
[Round "1.5"]
[White "De Haan, Eric"]
[Black "Michiels, Rob"]
[Result "0-1"]
[WhiteElo "2323"]
[BlackElo "2279"]
[PlyCount "126"]
[EventDate "2011.10.09"]
[EventType "team-tourn"]
[EventRounds "11"]
[EventCountry "BEL"]
[SourceTitle "EXT 2012"]
[Source "ChessBase"]
[SourceDate "2011.11.24"]
[SourceVersion "1"]
[SourceVersionDate "2011.11.24"]
[SourceQuality "1"]
[WhiteTeam "Borgerhout"]
[BlackTeam "Bruges"]
[WhiteTeamCountry "BEL"]
[BlackTeamCountry "BEL"]

1. d4 Nf6 2. c4 e6 3. Nf3 b6 4. a3 Be7 5. Nc3 Bb7 6. d5 d6 7. e4 e5 8. Bd3 h6 9. 0-0 Nbd7 10. b4 Nh5 11. Re1 g5 12. Nd2 Nf4 13. Bf1 g4 14. Nb3 h5 15. Be3 Bc8 16. Rc1 h4 17. c5 a6 18. cxb6 cxb6 19. Bxf4 exf4 20. Nd4 Ne5 21. Nc6 Qd7 22. Na4 Bd8 23. Nxe5 dxe5 24. Rc6 Qa7 25. b5 g3 26. fxg3 hxg3 27. hxg3 Bd7 28. Qa1 f6 29. Qc3 Rb8 30. gxf4 Bxc6 31. Qxc6+ Qd7 32. Rc1 axb5 33. Bxb5 Qxc6 34. Rxc6 Kf8 35. f5 Rh7 36. d6 Ra7 37. Rc3 Ra5 38. Rb3 Rba8 39. Nb2 Rxa3 40. Rb4 Ra1+ 41. Kh2 Rb1 42. Bd3 Re1 43. Na4 Rd1 44. Nb2 Rd2 45. Bc4 Rxd6 46. Bd5 Rb8 47. Nc4 Rd7 48. Rb5 Kg7 49. Na5 Be7 50. Nc6 Rh8+ 51. Kg3 Bc5 52. Rb1 Ra8 53. Kf3 Rc7 54. Ke2 Rac8 55. Nb4 Bxb4 56. Rxb4 Rc2+ 57. Kd1 Rxg2 58. Rxb6 Rcc2 59. Rb7+ Kh6 60. Rf7 Kg5 61. Rg7+ Kf4 62. Rh7 Rh2 63. Rg7 Rcg2 0-1

[Event "Condom op-A 10th"]
[Site "Condom"]
[Date "2011.07.12"]
[Round "5"]
[White "Michiels, Rob"]
[Black "Cioara, Andrei Nestor"]
[Result "0-1"]
[WhiteElo "2283"]
[BlackElo "2430"]
[PlyCount "85"]
[EventDate "2011.07.09"]
[EventType "swiss"]
[EventRounds "9"]
[EventCountry "FRA"]
[SourceTitle "CBM 143 Extra"]
[Source "ChessBase"]
[SourceDate "2011.08.29"]
[SourceVersion "1"]
[SourceVersionDate "2011.08.29"]
[SourceQuality "1"]

1. e4 c6 2. d4 d5 3. Nc3 dxe4 4. Nxe4 Bf5 5. Ng3 Bg6 6. h4 h6 7. Nf3 Nd7 8. h5 Bh7 9. Bd3 Bxd3 10. Qxd3 e6 11. Bd2 Qc7 12. 0-0-0 Be7 13. Bc3 0-0-0 14. d5 Ndf6 15. Be5 Qa5 16. d6 Qxa2 17. c4 c5 18. Ne4 Qa1+ 19. Kc2 Qa4+ 20. b3 Qc6 21. Nc3 a6 22. Rd2 Bf8 23. Bg3 Nd7 24. Re1 Ngf6 25. Ne5 Nxe5 26. Bxe5 Nd7 27. Bg3 Nf6 28. Ne4 Nxe4 29. Qxe4 Qxe4+ 30. Rxe4 Kd7 31. b4 cxb4 32. Kb3 Kc6 33. c5 a5 34. Ka4 Kxc5 35. Rc2+ Kb6 36. Re5 Bxd6 37. Rb5+ Ka7 38. Bxd6 Rxd6 39. Rc7 Rb6 40. Rxf7 Rxb5 41. Kxb5 b3 42. Rf3 Rf8 43. Rh3 0-1

[Event "Condom op-A 10th"]
[Site "Condom"]
[Date "2011.07.11"]
[Round "4"]
[White "Saucey, Michel"]
[Black "Michiels, Rob"]
[Result "1/2-1/2"]
[WhiteElo "2319"]
[BlackElo "2283"]
[PlyCount "76"]
[EventDate "2011.07.09"]
[EventType "swiss"]
[EventRounds "9"]
[EventCountry "FRA"]
[SourceTitle "CBM 143 Extra"]
[Source "ChessBase"]
[SourceDate "2011.08.29"]
[SourceVersion "1"]
[SourceVersionDate "2011.08.29"]
[SourceQuality "1"]

1. d4 Nf6 2. c4 e6 3. Nf3 d5 4. Nc3 Be7 5. Bg5 h6 6. Bh4 Ne4 7. Bxe7 Qxe7 8. Rc1 0-0 9. e3 c6 10. Bd3 Nxc3 11. Rxc3 Nd7 12. cxd5 exd5 13. 0-0 Re8 14. Qc2 Nf8 15. Rb1 Bg4 16. Ne5 Bh5 17. b4 f6 18. Nf3 Bxf3 19. gxf3 a6 20. a4 Ne6 21. f4 Rec8 22. Bf5 Qd6 23. b5 axb5 24. axb5 Rc7 25. bxc6 bxc6 26. Rc1 Nd8 27. Bg6 Qd7 28. Bf5 Qd6 29. Qd1 Qe7 30. Qg4 Ra6 31. Qg6 Qf7 32. Qg4 Qe7 33. Kh1 Ra2 34. Qg2 Qf7 35. Bg6 Qe6 36. Bb1 Rb2 37. Ra3 Rcb7 38. Bd3 R2b3 1/2-1/2

[Event "Condom op-A 10th"]
[Site "Condom"]
[Date "2011.07.10"]
[Round "3"]
[White "Michiels, Rob"]
[Black "Lacroix, Romain"]
[Result "1-0"]
[WhiteElo "2283"]
[BlackElo "2176"]
[PlyCount "51"]
[EventDate "2011.07.09"]
[EventType "swiss"]
[EventRounds "9"]
[EventCountry "FRA"]
[SourceTitle "CBM 143 Extra"]
[Source "ChessBase"]
[SourceDate "2011.08.29"]
[SourceVersion "1"]
[SourceVersionDate "2011.08.29"]
[SourceQuality "1"]

1. e4 e5 2. Bc4 Nf6 3. d3 c6 4. Nc3 d5 5. exd5 cxd5 6. Bb3 Nc6 7. Nge2 Be6 8. 0-0 Be7 9. Kh1 d4 10. Bxe6 fxe6 11. Nb1 0-0 12. Ng3 b5 13. a4 a6 14. c3 Qd5 15. cxd4 exd4 16. Nd2 Bd6 17. Nge4 Ne5 18. Nxf6+ Rxf6 19. Ne4 Rg6 20. axb5 Ng4 21. h3 Qh5 22. Bg5 Rxg5 23. Nxg5 Nxf2+ 24. Rxf2 Qxg5 25. Rxa6 Rc8 26. Rxd6 1-0

[Event "BEL-chT 0910"]
[Site "Belgium"]
[Date "2009.11.08"]
[Round "3"]
[White "Michiels, Rob"]
[Black "Didderen, Gaetan"]
[Result "1/2-1/2"]
[WhiteElo "2275"]
[BlackElo "2104"]
[PlyCount "81"]
[EventDate "2009.09.27"]
[EventType "team-tourn"]
[EventRounds "11"]
[EventCountry "BEL"]
[SourceTitle "EXT 2011"]
[Source "ChessBase"]
[SourceDate "2010.11.26"]
[SourceVersion "1"]
[SourceVersionDate "2010.11.26"]
[SourceQuality "1"]
[WhiteTeam "KBSK Brugge"]
[BlackTeam "Liege Crelel"]
[WhiteTeamCountry "BEL"]
[BlackTeamCountry "BEL"]

1. Nf3 d5 2. b3 Bg4 3. e3 Nf6 4. h3 Bh5 5. Bb2 e6 6. c4 c6 7. g4 Bg6 8. g5 Ne4 9. h4 Bh5 10. Be2 h6 11. d3 Nd6 12. Rg1 Bxf3 13. Bxf3 Nf5 14. g6 f6 15. Bg4 dxc4 16. bxc4 Qb6 17. Bc3 Bb4 18. Bxf5 exf5 19. Qb3 Na6 20. d4 0-0-0 21. c5 Qa5 22. a3 Bxc3+ 23. Qxc3 Qxc3+ 24. Nxc3 Nc7 25. 0-0-0 Nd5 26. Na4 Rhe8 27. Kd2 Re4 28. Nb2 b5 29. cxb6 axb6 30. Rc1 Kb7 31. h5 Rh4 32. Rh1 Rxh1 33. Rxh1 Ra8 34. Ra1 Kc7 35. Nd3 Kd6 36. f3 Ra4 37. Nb2 Ra8 38. Nd1 b5 39. Nc3 Nb6 40. Kd3 Nc4 41. Nb1 1/2-1/2

[Event "BEL-chT 0809"]
[Site "Belgium"]
[Date "2009.02.15"]
[Round "9"]
[White "Michiels, Rob"]
[Black "Vandenbussche, Thibaut"]
[Result "0-1"]
[WhiteElo "2262"]
[BlackElo "2285"]
[PlyCount "68"]
[EventDate "2008.10.05"]
[EventType "team-tourn"]
[EventRounds "11"]
[EventCountry "BEL"]
[SourceTitle "EXT 2010"]
[Source "ChessBase"]
[SourceDate "2010.11.25"]
[SourceVersion "1"]
[SourceVersionDate "2010.11.25"]
[SourceQuality "1"]
[WhiteTeam "KBSK Brugge"]
[BlackTeam "KGRSL"]
[WhiteTeamCountry "BEL"]
[BlackTeamCountry "BEL"]

1. b3 d5 2. Bb2 Nf6 3. Nf3 c5 4. e3 Bg4 5. h3 Bh5 6. Bb5+ Nc6 7. g4 Bg6 8. Ne5 Qb6 9. Bxc6+ bxc6 10. h4 h5 11. g5 Nd7 12. Nxg6 fxg6 13. Qe2 c4 14. Nc3 e5 15. d3 cxb3 16. axb3 Bb4 17. 0-0 0-0 18. Ra4 Rae8 19. Rfa1 a5 20. Nd1 e4 21. Bd4 Qb8 22. c3 Bd6 23. Rxa5 c5 24. Ra7 Qd8 25. Bxg7 Kxg7 26. dxe4 Rxe4 27. Qb5 Rf7 28. f4 Qe7 29. Qd3 Qe6 30. R1a2 c4 31. bxc4 dxc4 32. Qf1 Bc5 33. R7a6 Qg4+ 34. Rg2 Qxh4 0-1

[Event "BEL-chT 0809"]
[Site "Belgium"]
[Date "2008.12.07"]
[Round "5.5"]
[White "Michiels, Rob"]
[Black "Laurent, Bruno"]
[Result "1/2-1/2"]
[WhiteElo "2298"]
[BlackElo "2341"]
[PlyCount "69"]
[EventDate "2008.10.05"]
[EventType "team-tourn"]
[EventRounds "11"]
[EventCountry "BEL"]
[SourceTitle "EXT 2010"]
[Source "ChessBase"]
[SourceDate "2010.11.25"]
[SourceVersion "1"]
[SourceVersionDate "2010.11.25"]
[SourceQuality "1"]
[WhiteTeam "KBSK Brugge"]
[BlackTeam "Charleroi CREC"]
[WhiteTeamCountry "BEL"]
[BlackTeamCountry "BEL"]

1. e4 e5 2. Nf3 Nc6 3. Bc4 Bc5 4. c3 Nf6 5. d4 exd4 6. cxd4 Bb4+ 7. Bd2 Nxe4 8. Bxb4 Nxb4 9. Bxf7+ Kxf7 10. Qb3+ Kf8 11. Qxb4+ Qe7 12. Qxe7+ Kxe7 13. 0-0 Re8 14. Na3 d6 15. Rfe1 Kd8 16. Rac1 Bg4 17. Re3 Kd7 18. Ne5+ dxe5 19. Rxe4 Be6 20. dxe5 Bxa2 21. Rd4+ Ke6 22. Nb5 Kf5 23. g4+ Kg5 24. Ra1 Bg8 25. Nxc7 Rad8 26. Rad1 Rxd4 27. Rxd4 Re7 28. Nb5 Kh4 29. f4 Kxg4 30. Nd6 Kf3 31. Nf5 Rc7 32. Nh4+ Ke3 33. Nf5+ Kf3 34. Nh4+ Ke3 35. Nf5+ 1/2-1/2

[Event "Le Touquet op-A"]
[Site "Le Touquet"]
[Date "2008.10.31"]
[Round "8"]
[White "Dobrev, Nanko"]
[Black "Michiels, Rob"]
[Result "1-0"]
[WhiteElo "2408"]
[BlackElo "2262"]
[PlyCount "76"]
[EventDate "2008.10.25"]
[EventType "swiss"]
[EventRounds "9"]
[EventCountry "FRA"]
[SourceTitle "EXT 2009"]
[Source "ChessBase"]
[SourceDate "2008.11.26"]
[SourceVersion "1"]
[SourceVersionDate "2008.11.26"]
[SourceQuality "1"]

1. d4 Nf6 2. Nf3 g6 3. c4 Bg7 4. Nc3 0-0 5. e4 c5 6. d5 d6 7. Be2 a6 8. 0-0 Re8 9. h3 Nbd7 10. Bf4 b5 11. cxb5 axb5 12. Bxb5 Qb6 13. e5 dxe5 14. Nxe5 Nxe5 15. Bxe5 Rd8 16. Qb3 Ba6 17. Bc6 Qxb3 18. axb3 Bxf1 19. Bxa8 Bd3 20. Bc6 Bc2 21. Ra7 Nxd5 22. Bxg7 Nb4 23. Ba4 Kxg7 24. Rxe7 Bf5 25. Bb5 Be6 26. Ne4 Rd1+ 27. Kh2 Nd5 28. Ra7 Rc1 29. Ng5 Re1 30. Nxe6+ Rxe6 31. Bc4 Re7 32. Ra5 Nf6 33. Rxc5 Ne4 34. Rc6 Nxf2 35. b4 Nd1 36. b3 Rb7 37. b5 Ne3 38. b6 Nf5 1-0

[Event "Le Touquet op-A"]
[Site "Le Touquet"]
[Date "2008.10.25"]
[Round "1"]
[White "Renard, Stephane"]
[Black "Michiels, Rob"]
[Result "0-1"]
[WhiteElo "1939"]
[BlackElo "2262"]
[PlyCount "78"]
[EventDate "2008.10.25"]
[EventType "swiss"]
[EventRounds "9"]
[EventCountry "FRA"]
[SourceTitle "EXT 2009"]
[Source "ChessBase"]
[SourceDate "2008.11.26"]
[SourceVersion "1"]
[SourceVersionDate "2008.11.26"]
[SourceQuality "1"]

1. f4 Nf6 2. Nf3 b6 3. d3 d5 4. g3 Bb7 5. Bg2 Nbd7 6. 0-0 e6 7. c3 Bc5+ 8. d4 Be7 9. b3 h5 10. Ba3 Ng4 11. Bxe7 Qxe7 12. Qd3 a5 13. Nbd2 Ba6 14. c4 Rd8 15. e4 dxc4 16. bxc4 e5 17. fxe5 Ndxe5 18. Nxe5 Nxe5 19. Qc3 Qb4 20. Qxb4 axb4 21. Nb3 Nc6 22. Rfd1 Bxc4 23. d5 Ne5 24. Rac1 h4 25. Rd4 h3 26. Rdxc4 Nxc4 27. Rxc4 hxg2 28. Rxc7 Rh6 29. Rc4 Ra8 30. Rc2 Kd7 31. Nd4 Rc8 32. Rxc8 Kxc8 33. Kxg2 Kd7 34. h4 Rh8 35. Nc6 Ra8 36. Nxb4 Ra4 37. a3 Rxa3 38. Nc6 f6 39. h5 Re3 0-1

[Event "BEL-chT 0708"]
[Site "Belgium"]
[Date "2008.02.17"]
[Round "9.7"]
[White "De Haan, Eric"]
[Black "Michiels, Rob"]
[Result "0-1"]
[WhiteElo "2332"]
[BlackElo "2222"]
[PlyCount "54"]
[EventDate "2007.09.30"]
[EventType "team-tourn"]
[EventRounds "11"]
[EventCountry "BEL"]
[SourceTitle "EXT 2009"]
[Source "ChessBase"]
[SourceDate "2008.11.26"]
[SourceVersion "1"]
[SourceVersionDate "2008.11.26"]
[SourceQuality "1"]
[WhiteTeam "Borgerhout"]
[BlackTeam "KBSK Brugge"]
[WhiteTeamCountry "BEL"]
[BlackTeamCountry "BEL"]

1. d4 Nf6 2. c4 e6 3. Nf3 Bb4+ 4. Bd2 Be7 5. Nc3 d5 6. Bg5 h6 7. Bxf6 Bxf6 8. e3 0-0 9. Qc2 c6 10. 0-0-0 Nd7 11. h4 b5 12. cxb5 c5 13. g4 cxd4 14. exd4 Qc7 15. g5 Qf4+ 16. Nd2 Bxd4 17. Ne2 Qxf2 18. gxh6 Bb7 19. Kb1 Rfc8 20. Qd3 Be3 21. Ne4 dxe4 22. Qxd7 Bd5 23. Rg1 Bxh6 24. Rg2 Qc5 25. Nc3 Rc7 26. Nxd5 Qc1+ 27. Rxc1 Rxc1# 0-1

[Event "Condom op"]
[Site "Condom"]
[Date "2008.??.??"]
[Round "5"]
[White "Michiels, Rob"]
[Black "Grigore, George Gabriel"]
[Result "0-1"]
[WhiteElo "2267"]
[BlackElo "2517"]
[PlyCount "64"]
[EventDate "2008.07.12"]
[EventType "swiss"]
[EventRounds "9"]
[EventCountry "FRA"]
[SourceTitle "EXT 2009"]
[Source "ChessBase"]
[SourceDate "2008.11.26"]
[SourceVersion "1"]
[SourceVersionDate "2008.11.26"]
[SourceQuality "1"]

1. e4 c5 2. c3 d5 3. exd5 Qxd5 4. d4 Nf6 5. dxc5 Qxc5 6. Be3 Qc7 7. Na3 a6 8. Nc4 Nbd7 9. a4 e6 10. Nf3 Be7 11. Qd2 Nd5 12. Bd4 0-0 13. h4 Nc5 14. Qc2 f6 15. b4 Nxa4 16. Qxa4 b5 17. Qa5 bxc4 18. Qxc7 Nxc7 19. Bxc4 Bd7 20. 0-0 Rfc8 21. Rfe1 Kf8 22. Bb6 e5 23. Bxc7 Rxc7 24. Rxa6 Rxa6 25. Bxa6 Rxc3 26. Rb1 Bf5 27. Rb2 Rc1+ 28. Kh2 Bd6 29. Nd2 e4+ 30. g3 Be5 31. Ra2 e3 32. fxe3 Be6 0-1

[Event "BEL-chT 0708"]
[Site "Belgium"]
[Date "2007.12.02"]
[Round "5.7"]
[White "Goossens, Etienne"]
[Black "Michiels, Rob"]
[Result "1-0"]
[WhiteElo "2283"]
[BlackElo "2229"]
[PlyCount "105"]
[EventDate "2007.09.30"]
[EventType "team-tourn"]
[EventRounds "11"]
[EventCountry "BEL"]
[SourceTitle "CBM 121 Extra"]
[Source "ChessBase"]
[SourceDate "2008.01.10"]
[SourceVersion "1"]
[SourceVersionDate "2008.01.10"]
[SourceQuality "1"]
[WhiteTeam "Liege Crelel"]
[BlackTeam "KBSK Brugge"]
[WhiteTeamCountry "BEL"]
[BlackTeamCountry "BEL"]

1. e4 e5 2. Nf3 Nc6 3. d4 exd4 4. Nxd4 Bc5 5. Nxc6 Qf6 6. Qf3 Qxf3 7. gxf3 bxc6 8. Nd2 g6 9. Nb3 Bf8 10. Bd2 Bg7 11. 0-0-0 Rb8 12. Ba5 Be5 13. c3 d5 14. Nc5 dxe4 15. fxe4 Bg4 16. Nd3 Bxd1 17. Nxe5 Ba4 18. b3 Bb5 19. c4 Ba6 20. Nxc6 Ra8 21. Nb4 Bb7 22. Nd5 Bxd5 23. cxd5 Nf6 24. Bb5+ Kf8 25. Bc6 Rc8 26. Bc3 Ke7 27. Re1 Rhg8 28. Bb4+ Kd8 29. e5 Rb8 30. Bc5 Ne8 31. f4 h5 32. Re4 a5 33. Kc2 h4 34. h3 Rh8 35. a3 Rg8 36. Ba7 Rc8 37. Bf2 Rh8 38. f5 g5 39. Rg4 f6 40. exf6 Nxf6 41. Rxg5 Ke7 42. Rg7+ Kd6 43. Bd4 Rh6 44. Be3 Rh7 45. Bf4+ Kc5 46. Rxh7 Nxh7 47. Kc3 Rg8 48. b4+ axb4+ 49. axb4+ Kb6 50. Kd3 Rg7 51. Ke4 Re7+ 52. Kf3 Re1 53. Be3+ 1-0

[Event "BEL-chT 0708"]
[Site "Belgium"]
[Date "2007.10.07"]
[Round "1.7"]
[White "Michiels, Rob"]
[Black "Lacrosse, Marc"]
[Result "1/2-1/2"]
[WhiteElo "2229"]
[BlackElo "2280"]
[PlyCount "102"]
[EventDate "2007.09.30"]
[EventType "team-tourn"]
[EventRounds "11"]
[EventCountry "BEL"]
[SourceTitle "CBM 120 Extra"]
[Source "ChessBase"]
[SourceDate "2007.11.01"]
[SourceVersion "1"]
[SourceVersionDate "2007.11.01"]
[SourceQuality "1"]
[WhiteTeam "KBSK Brugge"]
[BlackTeam "KGSRL"]
[WhiteTeamCountry "BEL"]
[BlackTeamCountry "BEL"]

1. e4 e5 2. Nf3 Nc6 3. Bc4 Bc5 4. c3 Nf6 5. d4 exd4 6. cxd4 Bb4+ 7. Bd2 Bxd2+ 8. Nbxd2 d5 9. exd5 Nxd5 10. Qb3 Nce7 11. 0-0 0-0 12. Rfe1 c6 13. a4 a5 14. Ne4 h6 15. Ne5 Ra7 16. Rad1 Bf5 17. Ng3 Be6 18. Nd3 b6 19. Re5 Ng6 20. Ree1 Rd7 21. Ne5 Nxe5 22. dxe5 f6 23. f4 fxe5 24. Rxe5 Bf7 25. Rf1 Nf6 26. Bxf7+ Rfxf7 27. Nf5 Ng4 28. Re6 Kh8 29. h3 Rd3 30. Qc4 Rxf5 31. hxg4 Rc5 32. Re8+ Qxe8 33. Qxd3 Rd5 34. Qh3 Qd7 35. Qb3 b5 36. axb5 cxb5 37. f5 Rd2 38. Qh3 Qd4+ 39. Kh1 Rd1 40. Rxd1 Qxd1+ 41. Kh2 Qd6+ 42. Kh1 Qd1+ 43. Kh2 Qd6+ 44. Kh1 Qd2 45. Qf3 Qxb2 46. Qa8+ Kh7 47. Qxa5 Qe2 48. Qb6 Qxg4 49. Qxb5 h5 50. Qe5 Kh6 51. Qe3+ Qg5 1/2-1/2

[Event "Vlissingen HZ op 11th"]
[Site "Vlissingen"]
[Date "2007.08.09"]
[Round "7"]
[White "Michiels, Rob"]
[Black "Nijs, Nils"]
[Result "0-1"]
[WhiteElo "2226"]
[BlackElo "2065"]
[PlyCount "64"]
[EventDate "2007.08.04"]
[EventType "swiss"]
[EventRounds "9"]
[EventCountry "NED"]
[SourceTitle "CBM 119 Extra"]
[Source "ChessBase"]
[SourceDate "2007.09.04"]
[SourceVersion "1"]
[SourceVersionDate "2007.09.04"]
[SourceQuality "1"]

1. d4 Nf6 2. c4 g6 3. Nc3 Bg7 4. e4 d6 5. f3 0-0 6. Be3 c6 7. Qd2 e5 8. d5 c5 9. g4 Ne8 10. Bd3 f5 11. gxf5 gxf5 12. Bg5 Bf6 13. h4 f4 14. 0-0-0 a6 15. Nh3 Bxh3 16. Rxh3 Nd7 17. Qg2 Kh8 18. Rg1 Rg8 19. Nd1 b5 20. Nf2 Qa5 21. Ng4 Bg7 22. Be7 Bf6 23. Bxf6+ Nexf6 24. Qf2 Nxg4 25. fxg4 Qxa2 26. Be2 Qa1+ 27. Kc2 Qa4+ 28. Kb1 bxc4 29. g5 c3 30. Rxc3 Qxe4+ 31. Bd3 Qd4 32. Qf1 e4 0-1

[Event "Vlissingen HZ op 11th"]
[Site "Vlissingen"]
[Date "2007.08.05"]
[Round "3"]
[White "Michiels, Rob"]
[Black "Stellwagen, Daniel"]
[Result "0-1"]
[WhiteElo "2226"]
[BlackElo "2631"]
[PlyCount "60"]
[EventDate "2007.08.04"]
[EventType "swiss"]
[EventRounds "9"]
[EventCountry "NED"]
[SourceTitle "CBM 119 Extra"]
[Source "ChessBase"]
[SourceDate "2007.09.04"]
[SourceVersion "1"]
[SourceVersionDate "2007.09.04"]
[SourceQuality "1"]

1. e4 c5 2. Nf3 e6 3. c3 Nf6 4. e5 Nd5 5. d4 cxd4 6. Qxd4 Nc6 7. Qe4 f5 8. exf6 Nxf6 9. Qh4 Qc7 10. Bg5 Be7 11. Nbd2 d5 12. Bd3 e5 13. Bg6+ Kf8 14. 0-0 e4 15. Nd4 Kg8 16. Bh5 Nxd4 17. cxd4 h6 18. Rac1 hxg5 19. Bf7+ Kxf7 20. Qxh8 Qd7 21. h4 g4 22. h5 Bf8 23. f3 e3 24. Nb3 e2 25. Rf2 gxf3 26. Rxf3 Qe7 27. Re1 Bg4 28. Rf2 Qb4 29. Rexe2 Bxe2 30. Rxe2 Re8 0-1

[Event "Vlissingen HZ op 11th"]
[Site "Vlissingen"]
[Date "2007.08.05"]
[Round "2"]
[White "Van de Wynkele, Eric"]
[Black "Michiels, Rob"]
[Result "0-1"]
[WhiteElo "1998"]
[BlackElo "2226"]
[PlyCount "96"]
[EventDate "2007.08.04"]
[EventType "swiss"]
[EventRounds "9"]
[EventCountry "NED"]
[SourceTitle "CBM 119 Extra"]
[Source "ChessBase"]
[SourceDate "2007.09.04"]
[SourceVersion "1"]
[SourceVersionDate "2007.09.04"]
[SourceQuality "1"]

1. e4 e5 2. d4 exd4 3. Qxd4 Nc6 4. Qe3 Bb4+ 5. Bd2 Qe7 6. Nc3 Nf6 7. 0-0-0 0-0 8. f3 Re8 9. Bc4 Na5 10. Bd3 d5 11. Qg5 dxe4 12. Nxe4 Nxe4 13. Bxe4 Nc4 14. Qxe7 Bxe7 15. Bf4 Bf6 16. b3 Ne5 17. Ne2 c6 18. Rhe1 Ng6 19. Bc7 Nh4 20. Nf4 Bf5 21. Bxf5 Nxf5 22. Nh5 Be7 23. Kb2 g6 24. Nf4 Bf6+ 25. Kb1 Ne3 26. Rd7 Nd5 27. Nd3 Rxe1+ 28. Nxe1 Re8 29. Nd3 Re2 30. f4 Nb4 31. Be5 Nxd3 32. Rxd3 Bxe5 33. fxe5 Rxe5 34. Rd7 Re2 35. Rxb7 Rxg2 36. Rxa7 f5 37. Rc7 f4 38. Rxc6 Kg7 39. Rc3 Rxh2 40. a4 Rh5 41. b4 Rf5 42. Rf3 g5 43. b5 g4 44. Rf1 g3 45. b6 g2 46. Rg1 f3 47. b7 Rf8 48. a5 Kf6 0-1

[Event "Bruges Masters"]
[Site "Bruges"]
[Date "2006.02.28"]
[Round "5"]
[White "Geirnaert, Steven"]
[Black "Michiels, Rob"]
[Result "0-1"]
[WhiteElo "2357"]
[BlackElo "2263"]
[PlyCount "82"]
[EventDate "2006.02.26"]
[EventType "tourn"]
[EventRounds "9"]
[EventCountry "BEL"]
[EventCategory "4"]
[SourceTitle "CBM 111 Extra"]
[Source "ChessBase"]
[SourceDate "2006.05.09"]
[SourceVersion "1"]
[SourceVersionDate "2006.05.09"]
[SourceQuality "1"]

1. e4 e5 2. Nf3 Nc6 3. Bc4 Bc5 4. d3 Nf6 5. c3 d6 6. 0-0 h6 7. h3 0-0 8. d4 exd4 9. cxd4 Bb6 10. Qd3 d5 11. exd5 Nxd5 12. a3 Nce7 13. Qb3 c6 14. Re1 Bf5 15. Nc3 Qd6 16. Ne4 Qc7 17. Bd2 Rad8 18. a4 a5 19. Nc5 Ng6 20. Rad1 Bc8 21. Bc1 Ba7 22. Nd3 Nb6 23. Nde5 Nxe5 24. Rxe5 Nxc4 25. Qxc4 Rd5 26. Bf4 Qd8 27. Rxd5 cxd5 28. Qc7 Bb6 29. Qd6 Bd7 30. b3 Bf5 31. Rc1 Qxd6 32. Bxd6 Rc8 33. Bc5 Bd8 34. g4 Be4 35. Ne5 b6 36. f3 Bh7 37. f4 bxc5 38. dxc5 Be4 39. Kf2 Be7 40. Nd7 Rc7 41. c6 Ba3 0-1

[Event "Vlissingen HZ op 09th"]
[Site "Vlissingen"]
[Date "2005.08.08"]
[Round "3"]
[White "Michiels, Rob"]
[Black "L'Ami, Erwin"]
[Result "1/2-1/2"]
[WhiteElo "2264"]
[BlackElo "2519"]
[PlyCount "108"]
[EventDate "2005.08.06"]
[EventType "swiss"]
[EventRounds "9"]
[EventCountry "NED"]
[SourceTitle "CBM 107 Extra"]
[Source "ChessBase"]
[SourceDate "2005.09.01"]
[SourceVersion "1"]
[SourceVersionDate "2005.09.01"]
[SourceQuality "1"]

1. e4 c6 2. d4 d5 3. exd5 cxd5 4. c4 Nf6 5. Nc3 e6 6. Nf3 Bb4 7. a3 Bxc3+ 8. bxc3 dxc4 9. Bxc4 Qc7 10. Qb3 0-0 11. 0-0 Nc6 12. Bb5 Bd7 13. Bxc6 Bxc6 14. Ne5 b5 15. Bf4 Qb7 16. f3 Nd5 17. Bg3 Nb6 18. Rab1 Rac8 19. Rfc1 a6 20. c4 Qa8 21. Qe3 Nxc4 22. Nxc4 bxc4 23. Rxc4 Bb5 24. Rc5 Rxc5 25. dxc5 Qd5 26. Bd6 Re8 27. Rb4 e5 28. h3 f6 29. Qb3 Qxb3 30. Rxb3 Kf7 31. Kf2 h5 32. Rb4 Ra8 33. h4 Ke6 34. Ke3 Kd5 35. Re4 a5 36. f4 Re8 37. fxe5 fxe5 38. Bc7 a4 39. Bd6 g6 40. g3 Bc4 41. g4 Re6 42. g5 Re8 43. Bc7 Bb5 44. Bd6 Bd7 45. Rb4 Ke6 46. Rb7 Bc6 47. Rc7 Bd5 48. Ra7 Bb3 49. Rb7 Bd5 50. Ra7 Bc6 51. Rc7 Kd5 52. Rg7 Re6 53. Rf7 Re8 54. Rg7 Re6 1/2-1/2